Deftones' Most Streamed Songs - Statistics

General Stats
  • This quiz has been taken 743 times
    117 since last reset
  • The average score is 10 of 20
Answer Stats
Hint Answer % Correct
693,227,791 Change (In The House Of Flies)
89%
600,482,841 My Own Summer (Shove It)
85%
487,141,421 Be Quiet And Drive (Far Away)
78%
482,965,382 Sextape
78%
401,788,764 Cherry Waves
74%
244,236,436 Mascara
68%
255,839,041 Rosemary
63%
180,872,887 Entombed
58%
135,478,736 7 Words
54%
183,915,903 Digital Bath
54%
130,659,235 Around The Fur
51%
137,869,461 Diamond Eyes
47%
118,683,472 Risk
39%
116,161,660 Hole In The Earth
36%
155,079,383 Passenger
33%
117,563,569 Beauty School
32%
95,241,620 Minerva
29%
138,965,145 Beware
28%
226,517,555 Please Please Please Let Me Get What I Want
24%
90,269,589 Swerve City
24%
No matching quizzes found
Score Distribution
Percent of People with Each Score
Percentile by Number Answered
Your Score History
You have not taken this quiz since the last reset